Eurowizja 2019 | Tytuły piosenek - Statystyki

Ogólne statystyki
  • Ten quiz został rozwiązany 532 razy
  • Średni wynik to 24 z 41
Statystyki odpowiedzi
Kraj Piosenka % Poprawnych
Polska Fire of Love (Pali się)
96%
Holandia Arcade
86%
Włochy Soldi
83%
Rosja Scream
74%
Niemcy Sister
74%
San Marino Say Na Na Na
72%
Australia Zero Gravity
71%
Cypr Replay
70%
Hiszpania La Venda
69%
Białoruś Like It
69%
Szwajcaria She Got Me
67%
Izrael Home
66%
Francja Roi
65%
Czechy Friend of a Friend
64%
Macedonia Północna Proud
63%
Norwegia Spirit in the Sky
63%
Estonia Storm
63%
Irlandia 22
62%
Grecja Better Love
61%
Dania Love Is Forever
61%
Malta Chameleon
60%
Armenia Walking Out
58%
Serbia Kruna
57%
Słowenia Sebi
57%
Szwecja Too Late for Love
54%
Finlandia Look Away
53%
Litwa Run with the Lions
53%
Wielka Brytania Bigger than Us
52%
Azerbejdżan Truth
52%
Czarnogóra Heaven
50%
Mołdawia Stay
50%
Austria Limits
49%
Islandia Hatrið mun sigra
48%
Chorwacja The Dream
46%
Belgia Wake Up
46%
Rumunia On a Sunday
41%
Portugalia Telemóveis
41%
Łotwa That Night
34%
Albania Ktheju tokës
32%
Gruzja Keep on Going
27%
Węgry Az én apám
25%
Nie znaleziono quizów pasujących do podanych kryteriów
Rozkład punktacji
Procent ludzi z każdym wynikiem
Percentyl według liczby udzielonych odpowiedzi
Twoja historia wyników
Nie rozwiązałeś tego quizu